| 000 | 00574nam a2200145 4500 | ||
|---|---|---|---|
| 999 |
_c690 _d690 |
||
| 020 | _a8176113875 | ||
| 050 | _aHD69.A43 | ||
| 100 | _aAgarwal, N.P., Mishra B.K. | ||
| 245 | _aSocial and quantitative aspects of project management | ||
| 260 |
_aJaipur _bRBSA _c2007 |
||
| 300 | _a272p. | ||
| 505 | _a1. Introduction 2. Social cost benefit analysis 3. Corporate social audit 4. Project organization structure 5. Project manager 6. Use of network techniques in project planning 7. Human resource audit 8. Productivity audit | ||
| 650 | _aquantitative methods | ||
| 942 | _cBK | ||